Countries Calvin Harris has Visited - Statistics

General Stats
  • This quiz has been taken 25 times
  • The average score is 39 of 45
Answer Stats
Continent Country % Correct
Europe Spain
100%
Oceania Australia
95%
Europe Belgium
95%
North America Canada
95%
Asia China
95%
Asia Japan
95%
North America Mexico
95%
Europe Norway
95%
Europe United Kingdom
95%
North America United States of America
95%
South America Argentina
90%
Europe Austria
90%
South America Brazil
90%
South America Chile
90%
South America Colombia
90%
Europe Czech Republic
90%
Europe France
90%
Europe Germany
90%
Europe Hungary
90%
Asia Indonesia
90%
Europe Ireland
90%
Europe Italy
90%
Europe Poland
90%
Asia/ Europe Russia
90%
Europe Sweden
90%
Europe Switzerland
90%
Asia Thailand
90%
Asia/ Europe Turkey
90%
Europe Estonia
85%
Europe Finland
85%
Europe Netherlands
85%
Oceania New Zealand
85%
South America Paraguay
85%
Asia Saudi Arabia
85%
Europe Slovenia
85%
Asia Taiwan
85%
Europe Denmark
80%
Europe Latvia
80%
South America Peru
80%
Europe Portugal
80%
Asia Singapore
80%
Europe Serbia
75%
Asia United Arab Emirates
75%
Asia Bahrain
70%
Asia Qatar
70%
No matching quizzes found
Score Distribution
Percent of People with Each Score
Percentile by Number Answered
Your Score History
You have not taken this quiz